| 000 | 00961nam a2200253 a 4500 | ||
|---|---|---|---|
| 001 | 52526 | ||
| 003 | BD-RjUL | ||
| 005 | 20211209075825.0 | ||
| 008 | 160921s1968 bg ||||| |||| 00| 0 ben d | ||
| 020 | _c: Tk. 4.00 | ||
| 035 | _a(BD-RjUL)52646 | ||
| 040 |
_aBD-RjUL _bben _cBD-RjUL |
||
| 041 | _aben | ||
| 082 |
_223 _a539.7 _bFAP 1968 |
||
| 100 | 1 |
_aফার্মি, লরা _9157067 |
|
| 245 | 1 | 0 |
_aপারমানবিক শক্তির অভিযান _cলরা ফার্মি ; সিরাজুদ্দীন হোসেন, অনূদিত |
| 250 | _a১ম সং | ||
| 260 |
_aঢাকা : _bবাংলা বাজার, _c১৯৬৮ |
||
| 300 |
_a১৫০ পৃ. ; _c২০ সেমি. |
||
| 650 |
_aপারমাণবিক শক্তি _9157068 |
||
| 650 |
_aNuclear energy _9157069 |
||
| 700 |
_aহোসেন, সিরাজুদ্দীন, অনূদিত _9157070 |
||
| 942 |
_2ddc _cBK |
||
| 999 |
_c52526 _d52526 |
||